All Danny Brown Songs - Statistics

General Stats
  • This quiz has been taken 87 times
  • The average score is 31 of 234
Answer Stats
Album Song % Correct
Old Side A (Old)
85%
Atrocity Exhibition Really Doe
82%
XXX XXX
82%
Atrocity Exhibition Ain't It Funny
80%
Atrocity Exhibition Downward Spiral
78%
Atrocity Exhibition Tell Me What I Don't Know
70%
Hot Soup Dance
65%
Atrocity Exhibition Dance in the Water
63%
Atrocity Exhibition Golddust
63%
Atrocity Exhibition Get Hi
62%
Atrocity Exhibition Lost
62%
Atrocity Exhibition Rolling Stone
62%
Atrocity Exhibition White Lines
58%
Atrocity Exhibition Hell for It
57%
Atrocity Exhibition When It Rain
57%
Atrocity Exhibition Pneumonia
52%
XXX Bruiser Brigade
45%
XXX Die Like a Rockstar
45%
Atrocity Exhibition Today
42%
XXX 30
40%
Atrocity Exhibition From the Ground
38%
XXX Pac Blood
35%
XXX Monopoly
33%
XXX DNA
30%
uknowhatimsayin¿ 3 Tearz
28%
XXX I Will
28%
uknowhatimsayin¿ U Know What I'm Sayin?
28%
Detroit State of Mind 4 Black
27%
uknowhatimsayin¿ Dirty Laundry
27%
XXX Outer Space
25%
XXX Party All the Time
25%
XXX Radio Song
25%
XXX Adderall Admiral
23%
Old Dip
23%
Old Kush Coma
23%
uknowhatimsayin¿ Negro Spiritual
23%
Old Side B (Dope Song)
23%
uknowhatimsayin¿ Best Life
22%
XXX Blunt After Blunt
22%
uknowhatimsayin¿ Combat
22%
XXX Nosebleeds
22%
XXX Scrap or Die
22%
The Hybrid: Cutting Room The Hybrid
22%
uknowhatimsayin¿ Theme Song
22%
XXX Witit
22%
Black and Brown! Black & Brown
20%
It's a Art Change
20%
Old 25 Bucks
18%
uknowhatimsayin¿ Change Up
18%
XXX Fields
18%
Detroit State of Mind | Detroit State of Mind 3 Intro
18%
XXX Lie4
18%
uknowhatimsayin¿ Savage Nomad
18%
uknowhatimsayin¿ Belly of the Beast
17%
XXX Detroit187
17%
Shady XV Detroit vs. Everybody
17%
It's a Art Hybrid
17%
Old Float On
15%
uknowhatimsayin¿ Shine
15%
Old Wonderbread
15%
XXX EWNESW
13%
Old Smokin & Drinkin
13%
Old The Return
13%
The Hybrid Exotic
12%
Single Grown Up
12%
XXX Shouldn't Of
12%
XXX Baseline
10%
Old Handstand
10%
It's a Art It's a Art (316)
10%
Hot Soup Let's Go
10%
Old Break It (Go)
8%
Old Dubstep
8%
The Hybrid Generation Rx
8%
The Hybrid Greatest Rapper Ever
8%
The Hybrid Guitar Solo
8%
Hot Soup Head
8%
Hot Soup Hot Soup Commercial
8%
Hot Soup Hot Soup Interview
8%
The Hybrid Lincoln Continental
8%
The Hybrid New Era
8%
Old Red 2 Go
8%
Detroit State of Mind Rese'vor Dog
8%
The Hybrid Re-Up
8%
The Hybrid S.O.S
8%
Hot Soup Swagger to the Max
8%
The Hybrid Thank God
8%
The Hybrid The Nana Song
8%
Old Torture
8%
The Hybrid Cartier
7%
Old Clean Up
7%
It's a Art Detroit State of Mind Pt. 2
7%
Old Dope Fiend Rental
7%
The Hybrid Drinks on Me
7%
Detroit State of Mind Get Down
7%
The Hybrid Great Granddad
7%
Old Gremlins
7%
Hot Soup Gun in Yo' Mouf
7%
The Hybrid Juno
7%
Hot Soup Level One
7%
Detroit State of Mind 4 LOL
7%
Old Lonely
7%
The Hybrid Need Another Drink
7%
The Hybrid Nowhere 2 Go
7%
Hot Soup Numbers
7%
Hot Soup She Love It
7%
The Hybrid Shootin' Moves
7%
Detroit State of Mind Tic Tok
7%
Hot Soup Two Steps Back
7%
Hot Soup Watch 'em
7%
Old Way Up Here
7%
Hawaiian Snow What Up
7%
Hot Soup What Up Doe
7%
The Hybrid White Stripes
7%
Hot Soup Work Song
7%
Black and Brown! WTF (Instrumental)
7%
Detroit State of Mind 2 26 Inches
5%
Twitch EP 8 Ball Flow
5%
The Hybrid: Cutting Room 8 Mile
5%
It's a Art Alrite Huh
5%
Detroit State of Mind 4 Bag Back
5%
Hawaiian Snow Bags Double Tied
5%
Detroit State of Mind Boomerang
5%
Detroit State of Mind Broadcaster
5%
Twitch EP Choppa Choppa
5%
Detroit State of Mind 2 Cocaine Cowboy
5%
Detroit State of Mind 4 Contra
5%
Detroit State of Mind 4 Counterfeit
5%
Twitch EP Cut It Up
5%
Black and Brown! Dada
5%
Black and Brown! Dark Sunshine (Instrumental)
5%
Detroit State of Mind 4 D-Boyz
5%
The Hybrid: Cutting Room Demons & Angels
5%
Detroit State of Mind Dont Give A
5%
Detroit State of Mind Do Yo Homework
5%
Twitch EP Dreams
5%
Detroit State of Mind 2 Everybody's Gone
5%
Detroit State of Mind 3 Fire
5%
Detroit State of Mind 2 Freestyle
5%
It's a Art Friday Night
5%
Detroit State of Mind 4 Fruit Cocktail
5%
Twitch EP Funeral Lines
5%
Detroit State of Mind 4 Gametime
5%
Detroit State of Mind Get On the Grind
5%
Detroit State of Mind 3 Get the Message
5%
Detroit State of Mind Ghetto Life
5%
Detroit State of Mind 3 Got Me Open
5%
The Hybrid: Cutting Room Hey!
5%
Detroit State of Mind 3 I Ain't No Hoe
5%
The Hybrid I'm Out
5%
Detroit State of Mind It's a Discription
5%
Black and Brown! Jordan VIII
5%
Detroit State of Mind 4 Keeps It 100
5%
Detroit State of Mind 2 Last Donut (Freestyle)
5%
Detroit State of Mind Learn About Me
5%
It's a Art Lemme Know
5%
It's a Art Let It Burn
5%
Detroit State of Mind Life Everyday
5%
Black and Brown! Loosie
5%
It's a Art Low
5%
It's a Art Made a Mistake
5%
Detroit State of Mind Marching Band
5%
Detroit State of Mind 2 Mash (Freestyle)
5%
Detroit State of Mind Mean Mean Pride
5%
The Hybrid: Cutting Room Metal Gear Solid
5%
Detroit State of Mind 4 Murder Game
5%
Hawaiian Snow My Cup
5%
Hawaiian Snow My Life's the Sh*t
5%
Detroit State of Mind 3 Never Say Never
5%
Twitch EP Nightmares
5%
Hawaiian Snow Nothing to Lose
5%
Hawaiian Snow O.M.G.
5%
Detroit State of Mind One Day It Could Happen
5%
Detroit State of Mind 4 On My S#!+
5%
Hawaiian Snow On One
5%
Twitch EP Outta My Mind
5%
It's a Art Peaches
5%
Detroit State of Mind Pockets Fat
5%
Hawaiian Snow Roll Up
5%
Hot Soup Sittin' So High
5%
Hawaiian Snow So High
5%
Black and Brown! Sound Check (Instrumental)
5%
Twitch EP Space Trip
5%
Hot Soup Squeeze Precisely
5%
The Hybrid: Cutting Room Stay On
5%
Hot Soup Streets of Detroit
5%
Detroit State of Mind 3 Stupid
5%
Hot Soup Succeed
5%
The Hybrid: Cutting Room Tea Time
5%
Hot Soup Ten G's a Week
5%
It's a Art The Grump
5%
Detroit State of Mind 4 The Wizard
5%
Detroit State of Mind To the Top
5%
Twitch EP Toxic
5%
Hawaiian Snow Trap Ball
5%
Hawaiian Snow Trippin'
5%
It's a Art U Guessed It
5%
Black and Brown! | The Hybrid: Cutting Room Wake Up
5%
Detroit State of Mind 3 Way It Goes
5%
Detroit State of Mind 3 Won't Do
5%
Detroit State of Mind Yo Lovin'
5%
Black and Brown! Zap
5%
The Hybrid: Cutting Room 1 Step
3%
The Hybrid: Cutting Room 4Get Yo Name
3%
Browntown Broke $#!T
3%
Hawaiian Snow Cyclps
3%
The Hybrid: Cutting Room Dance Wit Me
3%
The Hybrid: Cutting Room Danger Zone
3%
It's a Art Don't Wanna Be Lonely
3%
Browntown Fast Lane
3%
Detroit State of Mind 2 Ghetto-Bad
3%
The Hybrid: Cutting Room God of War
3%
The Hybrid: Cutting Room Jus Chill
3%
Black and Brown! LOL (Remix)
3%
Black and Brown! Nandos
3%
Browntown No Can Do
3%
The Hybrid: Cutting Room Rainbow
3%
Browntown Save My People
3%
Detroit State of Mind 2 Set
3%
The Hybrid: Cutting Room Sleep
3%
Detroit State of Mind 2 So Hood
3%
Browntown Track 03 (Shyne Instrumental)
3%
Browntown Track 08
3%
Detroit State of Mind 2 U Luv
3%
Detroit State of Mind 2 Understanding
3%
Detroit State of Mind 2 Waves (Freestyle)
3%
The Hybrid: Cutting Room What I Talk
3%
It's a Art What Yo Name Is
3%
It's a Art Can't Find My Name
2%
Bruiser Brigade Errthang
2%
Bruiser Brigade Jooky
2%
Browntown On My Mind
2%
Single #2 The Black Brad Pitt
2%
No matching quizzes found
Score Distribution
Percent of People with Each Score
Percentile by Number Answered
Your Score History
You have not taken this quiz